00360nam a2200133 a 45000010010000000030011000100080041000210350026000620820014000881000018001022450053001202600038001736500015002110000-8789ELIB.Books110520 1981  a(ELIB.Books)0000-8935 a150 bLar aLarson, Bruce aThere's a lot more to health than Not Being Sick bWaco: Word Books Publisher c1981 aPsychology